| 000 | 00706nam a2200241Ia 4500 | ||
|---|---|---|---|
| 005 | 20260429112013.0 | ||
| 008 | 260429s9999||||xx |||||||||||||| ||und|| | ||
| 020 | _a9781032368474 | ||
| 041 | _aEnglish | ||
| 082 |
_a378.007 _bMCC |
||
| 100 | _aMcChesney, Katrina | ||
| 245 | 0 |
_aDoing doctoral research at a distance : _bflourishing in off-campus, hybrid, and remote pathways / _cKatrina McChesney |
|
| 250 | _a1st ed. | ||
| 260 |
_aNew Delhi : _bRoutledge, _c2024. |
||
| 300 | _ax, 193 p.; pbk | ||
| 650 | _a Doctoral studies | ||
| 650 | _a Remote research | ||
| 650 | _aDistance education | ||
| 700 | _a Burford, James | ||
| 700 | _a Frick, Liezel | ||
| 700 | _a Khoo, Tseen | ||
| 942 | _cTB | ||
| 999 |
_c51845 _d51845 |
||